Cítime ozajstné umenie Hovoríme s členom Národného divadla L. Munzarom

Bibliographic Details
Main Authors: Munzar, Luděk, 1933-2019 (Author), Císar, Alexander (Author), Cisar, Alexander (Author)
Format: Article
Language:Slovak
Subjects:

MARC

LEADER 00000nab a2200000 a 4500
001 vtls000008192
003 SK-MaSNL
005 20260303020959.0
008 111103c1978 xo 0 slo
015 |a SNBRB19rr/mm-uuuuu 
035 |a CL0018285 
040 |a SNKBUCL  |b slo  |c SNKBUCL  |e AACR2 
041 0 |a slo 
044 |a xo  |c SK 
080 |a 792  |2 1981 
100 1 |a Munzar, Luděk,  |d 1933-2019  |4 aut  |9 117546 
245 1 0 |a Cítime ozajstné umenie  |b Hovoríme s členom Národného divadla L. Munzarom  |c Luděk Munzar, Alexander Císar ; Císar Alexander 
600 1 7 |a Munzar, Luděk,  |d 1933-2019  |2 snkbucl  |9 117546 
651 7 |a 5100  |2 snkbucl  |9 166206 
655 7 |a články z novín a časopisov  |2 snkbucl  |9 267496 
700 1 |a Císar, Alexander  |4 aut  |9 5059 
700 1 |a Cisar, Alexander  |4 aut  |9 5059 
773 0 |t Práca  |g Roč. 33, č. 230 (29. 9. 1978), s. 6 
850 |a Slovenská národná knižnica v Martine  |a MTA001 
852 |a SNK  |b KIS3GCP 
958 |a RK 
992 |a RBX 
999 |c 1620813  |d 1622743